000 00249nam a2200097Ia 4500
001 1206770
005 20250827022812.0
008 250824s9999 xx 000 0 und d
245 0 _aUYKULARIN DOĞUSU
_cHASAN ALİ TOPTAŞ
260 _bEVEREST YAYINLARI
999 _c1206770
_d1206770